000
00334ngm a22001454a 4500
008
150618s2000 xx 180 00 zleng d
040
_d
AR-RoIUNI
245
0
0
_a
Jason and the argonauts /
_b
[Nick Willing]
260
_c
2000
300
_a
1 dvd
306
_a
030000
650
4
_a
PSICOLOGÍA
650
4
_a
AVENTURA
942
_c
VM
_2
cdu
999
_c
2211
_d
2211